Introducción a la teoría de los números / (Record no. 118874)

MARC details
000 -LEADER
campo de control de longitud fija 00582nam a2200169 4500
001 - NÚMERO DE CONTROL
campo de control 118874
003 - IDENTIFICADOR DE NÚMERO DE CONTROL
campo de control ES-MaACL
007 - CAMPO FIJO DE DESCRIPCIÓN FÍSICA--INFORMACIÓN GENERAL
campo de control de longitud fija t|
008 - DATOS DE LONGITUD FIJA--INFORMACIÓN GENERAL
campo de control de longitud fija 070214s1972 sp r ||||1| spa d
100 1# - ENTRADA PRINCIPAL--NOMBRE DE PERSONA
Nombre de persona Pettofrezzo, Anthony J.
9 (RLIN) 91574
245 10 - MENCIÓN DEL TÍTULO
Título Introducción a la teoría de los números /
Mención de responsabilidad, etc. Anthony J. Pettofrezzo, Donald R. Byrkit ; traducción y adaptación Rolando J. Pomareda.
260 ## - PUBLICACIÓN, DISTRIBUCIÓN, ETC.
Lugar de publicación, distribución, etc. Madrid :
Nombre del editor, distribuidor, etc. Prentice Hall,
Fecha de publicación, distribución, etc. 1972.
300 ## - DESCRIPCIÓN FÍSICA
Extensión XVI, 245 p. ;
Dimensiones 24 cm.
700 1# - ENTRADA AGREGADA--NOMBRE PERSONAL
Nombre de persona Byrkit, Donald R.
9 (RLIN) 33021
700 1# - ENTRADA AGREGADA--NOMBRE PERSONAL
Nombre de persona Pomareda, Rolando J.
9 (RLIN) 92901
852 ## - LOCALIZACIÓN
Ubicación ES-MaACL
Número de control de estantería E-7638
Sublocalización o colección R.91873
Holdings
Estatus retirado Estado de pérdida Estado de daño No para préstamo Biblioteca de origen Biblioteca actual Ubicación en estantería Fecha de adquisición Fuente de adquisición Total de préstamos Signatura topográfica completa Código de barras Visto por última vez Precio de reemplazo Tipo de ítem Koha
        Biblioteca del Ateneo de Madrid Biblioteca del Ateneo de Madrid Depósito 2 17/01/2008     E-7638 1123927 23/02/2023 23/02/2023 Libro impreso